LIBRARY & INFORMATION CENTRE, KCAET, TAVANUR

ONLINE PUBLIC ACCESS CATALOGUE (OPAC)

Mr Towpkins learns the facts of life / (Record no. 9293)

MARC details
000 -LEADER
fixed length control field 00379cam a2200145ua 4500
041 ## - LANGUAGE CODE
Language code of text/sound track or separate title eng
082 ## - DEWEY DECIMAL CLASSIFICATION NUMBER
Classification number 577
Item number GAM/MR
100 ## - MAIN ENTRY--AUTHOR NAME
Personal name Gamow, George .
245 ## - TITLE STATEMENT
Title Mr Towpkins learns the facts of life /
260 ## - PUBLICATION, DISTRIBUTION, ETC. (IMPRINT)
Place of publication Cambridge :
Name of publisher Cambridge University Press ,
Year of publication 1954.
300 ## - PHYSICAL DESCRIPTION
Number of Pages 87 ; .
942 ## - ADDED ENTRY ELEMENTS (KOHA)
Koha item type Books
Holdings
Withdrawn status Lost status Damaged status Home library Current library Date acquired Full call number Accession Number Koha item type
      KAUAET KAUAET 07/04/2012 577 5500 Books
free website counter